[Event "13e open internationnal de Sautron"]
[Site "Sautron"]
[Date "2013.10.28"]
[Round "4.8"]
[White "Haussernot, Cecile"]
[Black "Lejarre, Ludovic"]
[Result "0-1"]
[WhiteElo "2097"]
[BlackElo "2371"]
[PlyCount "94"]
[EventDate "2013.??.??"]
[WhiteClock "0:27:52"]
[BlackClock "0:29:12"]

1. d4 Nf6 2. Nc3 d5 3. Bg5 Nbd7 4. Qd3 c6 5. Nf3 Qa5 6. O-O-O Ne4 7. Nxe4 dxe4
8. Qxe4 Qxa2 9. c3 Nf6 10. Bxf6 gxf6 11. d5 cxd5 12. Rxd5 Be6 13. Rd4 Bg7 14.
e3 O-O 15. Ra4 Qd5 16. Qxd5 Bxd5 17. Bd3 Bc6 18. Rg4 e6 19. h4 f5 20. Rg3 Kh8
21. h5 Bf6 22. Nd4 Bxd4 23. cxd4 Rg8 24. Kd2 Rxg3 25. fxg3 Rg8 26. Bf1 Rxg3 27.
h6 Kg8 28. b4 a6 29. Rh2 Kf8 30. Ke2 Ke7 31. Kf2 Rg6 32. g3 Kf6 33. Be2 Rg8 34.
Rh4 Bd5 35. g4 fxg4 36. Kg3 Be4 37. Rh2 Ke7 38. Bd1 f5 39. Rb2 Rg6 40. Rh2 Kf6
41. Rh5 Rg8 42. Rh2 Rc8 43. Rb2 Rc1 44. Be2 Kg5 45. b5 a5 46. b6 Rh1 47. Rb5
Rh3+ 0-1

[Event "13e open internationnal de Sautron"]
[Site "Sautron"]
[Date "2013.10.28"]
[Round "4.9"]
[White "Duboue, Peio"]
[Black "Normand, Vincent"]
[Result "1-0"]
[LiveChessVersion "1.4.2"]
[BlackElo "2076"]
[WhiteElo "2239"]

1. e4 {[%clk 1:30:57]} d5 {[%clk 1:30:01]} 2. exd5 {[%clk 1:31:24]} Nf6
{[%clk 1:30:24]} 3. d4 {[%clk 1:28:38]} Bg4 {[%clk 1:30:23]} 4. Nf3
{[%clk 1:28:21]} Qxd5 {[%clk 1:30:17]} 5. Be2 {[%clk 1:28:44]} Nc6
{[%clk 1:27:26]} 6. c4 {[%clk 1:28:56]} Qf5 {[%clk 1:27:23]} 7. Be3
{[%clk 1:29:04]} O-O-O {[%clk 1:26:28]} 8. Nbd2 {[%clk 1:28:01]} e6
{[%clk 1:22:26]} 9. a3 {[%clk 1:22:23]} Bxf3 {[%clk 1:08:06]} 10. Nxf3
{[%clk 1:22:26]} g5 {[%clk 1:07:47]} 11. Bd3 {[%clk 1:18:30]} Qg4
{[%clk 1:05:17]} 12. O-O {[%clk 1:18:31]} Rg8 {[%clk 1:00:40]} 13. b4
{[%clk 1:12:05]} Qh5 {[%clk 0:59:15]} 14. b5 {[%clk 1:11:18]} g4 {[%clk 0:56:22]}
15. Nd2 {[%clk 1:03:27]} Nxd4 {[%clk 0:46:08]} 16. Bxd4 {[%clk 1:03:47]} Rxd4
{[%clk 0:46:23]} 17. Nb3 {[%clk 1:03:46]} Rd8 {[%clk 0:39:59]} 18. Qe2
{[%clk 1:02:42]} Bd6 {[%clk 0:37:28]} 19. g3 {[%clk 1:03:00]} Nd7
{[%clk 0:37:36]} 20. Be4 {[%clk 1:02:50]} f5 {[%clk 0:32:58]} 21. Bh1
{[%clk 1:01:37]} f4 {[%clk 0:31:02]} 22. Qxe6 {[%clk 0:55:31]} f3
{[%clk 0:30:06]} 23. Qe3 {[%clk 0:47:11]} Rde8 {[%clk 0:26:50]} 24. Qxa7
{[%clk 0:45:48]} b6 {[%clk 0:18:36]} 25. Qa6+ {[%clk 0:43:42]} Kd8
{[%clk 0:18:16]} 26. Rfe1 {[%clk 0:34:14]} Be5 {[%clk 0:09:49]} 27. Rad1
{[%clk 0:32:26]} Rg6 {[%clk 0:08:21]} 28. Nd4 {[%clk 0:28:28]} Ke7
{[%clk 0:07:52]} 29. Qb7 {[%clk 0:27:19]} Rd6 {[%clk 0:06:25]} 30. Nc6+
{[%clk 0:10:49]} Kf6 {[%clk 0:06:43]} 31. Nxe5 {[%clk 0:08:57]} Qxe5
{[%clk 0:06:45]} 32. Bxf3 {[%clk 0:07:52]} Qxe1+ {[%clk 0:05:51]} 33. Rxe1
{[%clk 0:08:05]} Rxe1+ {[%clk 0:06:14]} 34. Kg2 {[%clk 0:08:31]} gxf3+
{[%clk 0:06:22]} 35. Qxf3+ {[%clk 0:08:56]} Ke7 {[%clk 0:05:19]} 36. Qc3
{[%clk 0:05:08]} Re5 {[%clk 0:04:40]} 37. a4 {[%clk 0:05:25]} Rde6
{[%clk 0:03:57]} 38. a5 {[%clk 0:04:44]} bxa5 {[%clk 0:04:07]} 39. Qxa5
{[%clk 0:05:08]} Rc5 {[%clk 0:04:07]} 40. Qc3 {[%clk 0:35:28]} Rce5
{[%clk 0:31:41]} 41. h4 {[%clk 0:32:50]} h5 {[%clk 0:26:21]} 42. Kh3
{[%clk 0:30:43]} Nf6 {[%clk 0:25:51]} 43. Qa5 {[%clk 0:29:24]} Ne8
{[%clk 0:22:29]} 44. Qb4+ {[%clk 0:29:04]} Rd6 {[%clk 0:11:38]} 45. c5
{[%clk 0:28:51]} Rdd5 {[%clk 0:11:56]} 46. b6 {[%clk 0:28:58]} c6
{[%clk 0:10:26]} 47. b7 1-0

[Event "13e open internationnal de Sautron"]
[Site "Sautron"]
[Date "2013.10.28"]
[Round "4.10"]
[White "Picard, Remi"]
[Black "Crouan, Stephane"]
[Result "1/2-1/2"]
[LiveChessVersion "1.4.2"]
[BlackElo "2180"]
[WhiteElo "2050"]

1. e4 {[%clk 1:30:57]} c5 {[%clk 1:30:22]} 2. Nf3 {[%clk 1:31:09]} d6
{[%clk 1:30:45]} 3. d4 {[%clk 1:31:33]} cxd4 {[%clk 1:31:09]} 4. Nxd4
{[%clk 1:32:01]} Nf6 {[%clk 1:31:15]} 5. Nc3 {[%clk 1:32:26]} a6 {[%clk 1:31:29]}
6. Be2 {[%clk 1:32:16]} g6 {[%clk 1:25:54]} 7. O-O {[%clk 1:32:27]} Bg7
{[%clk 1:26:18]} 8. Re1 {[%clk 1:32:49]} O-O {[%clk 1:25:42]} 9. Bf1
{[%clk 1:32:53]} Nc6 {[%clk 1:23:56]} 10. Nb3 {[%clk 1:32:51]} Be6
{[%clk 1:06:28]} 11. Nd5 {[%clk 1:15:45]} Rc8 {[%clk 1:04:19]} 12. Bg5
{[%clk 1:12:23]} Bxd5 {[%clk 0:54:41]} 13. exd5 {[%clk 1:12:52]} Ne5
{[%clk 0:55:00]} 14. Qd2 {[%clk 1:09:04]} Qd7 {[%clk 0:26:59]} 15. Rac1
{[%clk 1:04:23]} b5 {[%clk 0:22:29]} 16. h3 {[%clk 0:47:46]} Qb7 {[%clk 0:18:58]}
17. Bxf6 {[%clk 0:42:33]} Bxf6 {[%clk 0:19:20]} 18. Na5 {[%clk 0:42:46]} Qb6
{[%clk 0:13:58]} 19. b4 {[%clk 0:32:23]} Kg7 {[%clk 0:09:04]} 20. Kh1
{[%clk 0:29:08]} Rfe8 {[%clk 0:07:30]} 21. f4 {[%clk 0:26:04]} Nc4
{[%clk 0:07:17]} 22. Bxc4 {[%clk 0:26:16]} bxc4 {[%clk 0:07:45]} 23. c3
{[%clk 0:26:35]} e6 {[%clk 0:06:37]} 24. dxe6 {[%clk 0:24:21]} fxe6
{[%clk 0:06:40]} 25. Qe3 {[%clk 0:20:02]} Qc7 {[%clk 0:05:12]} 26. g4
{[%clk 0:18:03]} Kg8 {[%clk 0:05:08]} 27. Rc2 {[%clk 0:13:31]} e5
{[%clk 0:03:09]} 28. f5 {[%clk 0:12:53]} gxf5 {[%clk 0:01:49]} 29. gxf5
{[%clk 0:13:12]} d5 {[%clk 0:01:22]} 30. Rg2+ {[%clk 0:11:55]} Kh8
{[%clk 0:01:51]} 31. Reg1 {[%clk 0:09:26]} d4 {[%clk 0:01:00]} 32. Qh6
{[%clk 0:09:07]} Qe7 {[%clk 0:01:03]} 33. Nb7 {[%clk 0:05:45]} Rg8
{[%clk 0:01:06]} 34. Nc5 {[%clk 0:05:02]} Rxg2 {[%clk 0:00:58]} 35. Rxg2
{[%clk 0:05:31]} Rg8 {[%clk 0:00:41]} 36. Ne4 {[%clk 0:03:14]} Rxg2
{[%clk 0:01:09]} 37. Kxg2 {[%clk 0:03:36]} Qg7+ {[%clk 0:01:38]} 38. Qxg7+
{[%clk 0:03:37]} Kxg7 {[%clk 0:01:45]} 39. a4 {[%clk 0:02:06]} Bd8
{[%clk 0:00:48]} 40. Kf3 {[%clk 0:31:54]} Bc7 {[%clk 0:30:36]} 41. Kg4
{[%clk 0:23:26]} dxc3 {[%clk 0:26:22]} 42. Nxc3 {[%clk 0:21:58]} Bd6
{[%clk 0:26:48]} 43. Nd5 {[%clk 0:17:51]} e4 {[%clk 0:22:51]} 44. b5
{[%clk 0:12:02]} axb5 {[%clk 0:23:15]} 45. axb5 {[%clk 0:12:31]} Be5
{[%clk 0:21:06]} 46. b6 {[%clk 0:12:19]} c3 {[%clk 0:20:39]} 47. Ne3
{[%clk 0:12:36]} Bd4 {[%clk 0:17:17]} 48. b7 {[%clk 0:12:57]} Be5
{[%clk 0:17:44]} 49. h4 {[%clk 0:11:26]} Bb8 {[%clk 0:15:50]} 50. Kg5
{[%clk 0:07:19]} h6+ {[%clk 0:11:56]} 51. Kg4 {[%clk 0:07:49]} Bd6
{[%clk 0:07:37]} 52. Kh3 {[%clk 0:08:08]} h5 {[%clk 0:05:52]} 53. Kg2
{[%clk 0:08:13]} Kf6 {[%clk 0:04:42]} 54. Nd5+ Ke5 1/2-1/2

[Event "13e open internationnal de Sautron"]
[Site "Sautron"]
[Date "2013.10.28"]
[Round "4.11"]
[White "Bourgois, Bastien"]
[Black "Navrotescu, Andreea-Cristiana"]
[Result "1/2-1/2"]
[LiveChessVersion "1.4.2"]
[BlackElo "2151"]
[WhiteElo "2026"]

1. d4 {[%clk 1:30:52]} f5 {[%clk 1:30:49]} 2. Bg5 {[%clk 1:30:40]} g6
{[%clk 1:31:01]} 3. Nc3 {[%clk 1:30:52]} Bg7 {[%clk 1:31:22]} 4. h4
{[%clk 1:30:45]} h6 {[%clk 1:30:45]} 5. Bf4 {[%clk 1:30:38]} Nf6 {[%clk 1:30:59]}
6. e3 {[%clk 1:28:47]} d6 {[%clk 1:28:18]} 7. Bc4 {[%clk 1:16:59]} e6
{[%clk 1:21:37]} 8. Qf3 {[%clk 1:14:21]} Qe7 {[%clk 1:19:39]} 9. Nge2
{[%clk 1:09:16]} Nc6 {[%clk 1:13:24]} 10. Bh2 {[%clk 1:02:16]} g5
{[%clk 1:05:12]} 11. Nc1 {[%clk 0:43:41]} Bd7 {[%clk 0:53:26]} 12. Nb3
{[%clk 0:39:02]} O-O-O {[%clk 0:48:09]} 13. O-O-O {[%clk 0:37:40]} gxh4
{[%clk 0:32:50]} 14. d5 {[%clk 0:32:30]} exd5 {[%clk 0:31:10]} 15. Nxd5
{[%clk 0:32:20]} Qe4 {[%clk 0:27:05]} 16. Nxf6 {[%clk 0:25:46]} Bxf6
{[%clk 0:27:10]} 17. Bd5 {[%clk 0:25:05]} Qxf3 {[%clk 0:24:51]} 18. Bxf3
{[%clk 0:25:26]} Rhg8 {[%clk 0:20:36]} 19. Bf4 {[%clk 0:15:21]} Ne5
{[%clk 0:17:20]} 20. Bd5 {[%clk 0:10:22]} Rg6 {[%clk 0:17:28]} 21. Nd4
{[%clk 0:10:39]} c6 {[%clk 0:15:25]} 22. Be6 {[%clk 0:10:40]} Rxg2
{[%clk 0:13:53]} 23. Bxd7+ {[%clk 0:10:32]} Kxd7 {[%clk 0:12:40]} 24. Nxf5
{[%clk 0:10:50]} Ke6 {[%clk 0:13:09]} 25. Nxh4 {[%clk 0:06:54]} Rxf2
{[%clk 0:13:33]} 26. Rdg1 {[%clk 0:07:17]} Rh8 {[%clk 0:09:10]} 27. Kd1
{[%clk 0:04:14]} h5 {[%clk 0:06:51]} 28. Bg3 {[%clk 0:04:09]} Bxh4
{[%clk 0:07:06]} 29. Bxh4 {[%clk 0:04:29]} Rf7 {[%clk 0:05:50]} 30. Ke2
{[%clk 0:04:29]} Ng4 {[%clk 0:05:38]} 31. Rf1 {[%clk 0:03:23]} Rhh7
{[%clk 0:04:21]} 32. Rxf7 {[%clk 0:02:57]} Kxf7 {[%clk 0:03:57]} 33. Kf3
{[%clk 0:01:54]} Kg6 {[%clk 0:04:16]} 34. Bg3 {[%clk 0:01:30]} d5
{[%clk 0:04:36]} 35. Bf4 {[%clk 0:01:48]} Kf5 {[%clk 0:04:41]} 36. Bg3
{[%clk 0:01:49]} Nf6 {[%clk 0:04:10]} 37. Rh4 {[%clk 0:02:11]} Ne4
{[%clk 0:03:06]} 38. Rf4+ {[%clk 0:02:17]} Kg6 {[%clk 0:03:13]} 39. Bh4
{[%clk 0:02:25]} Ng5+ {[%clk 0:01:07]} 40. Ke2 {[%clk 0:32:54]} Ne4
{[%clk 0:31:17]} 41. c4 {[%clk 0:28:22]} Rf7 {[%clk 0:22:17]} 42. Rxf7
{[%clk 0:24:43]} Kxf7 {[%clk 0:22:36]} 43. cxd5 {[%clk 0:25:01]} cxd5
{[%clk 0:23:05]} 44. Kf3 {[%clk 0:25:12]} Nc5 {[%clk 0:22:58]} 45. Be1
{[%clk 0:13:16]} Ke6 {[%clk 0:22:32]} 46. Bc3 {[%clk 0:13:15]} Kf5
{[%clk 0:20:37]} 47. Bd4 {[%clk 0:13:21]} b6 {[%clk 0:21:06]} 48. b4
{[%clk 0:12:33]} Ne6 {[%clk 0:19:21]} 49. Bc3 {[%clk 0:12:48]} Ng5+
{[%clk 0:19:02]} 50. Ke2 {[%clk 0:12:48]} b5 {[%clk 0:18:50]} 51. Bd4
{[%clk 0:12:16]} a6 {[%clk 0:19:17]} 52. Kd3 {[%clk 0:12:21]} h4 {[%clk 0:19:35]}
53. Ba7 {[%clk 0:12:16]} Ne4 {[%clk 0:17:51]} 54. Bb8 {[%clk 0:12:03]} Ng3
{[%clk 0:18:04]} 55. Kd4 {[%clk 0:12:18]} Kg4 {[%clk 0:18:26]} 56. Kxd5
{[%clk 0:12:28]} h3 {[%clk 0:18:49]} 1/2-1/2

[Event "13e open internationnal de Sautron"]
[Site "Sautron"]
[Date "2013.10.29"]
[Round "5.1"]
[White "Koziak, Vitali"]
[Black "Roiz, Michael"]
[Result "1/2-1/2"]
[LiveChessVersion "1.4.2"]
[BlackElo "2614"]
[WhiteElo "2481"]

1. d4 {[%clk 1:30:54]} Nf6 {[%clk 1:30:52]} 2. Nf3 {[%clk 1:30:56]} e6
{[%clk 1:30:40]} 3. Bg5 {[%clk 1:30:46]} h6 {[%clk 1:30:37]} 4. Bh4
{[%clk 1:30:29]} d6 {[%clk 1:26:39]} 5. c4 {[%clk 1:25:04]} Nbd7 {[%clk 1:20:07]}
6. Nc3 {[%clk 1:22:45]} Be7 {[%clk 1:19:49]} 7. e3 {[%clk 1:19:15]} b6
{[%clk 1:18:51]} 8. Be2 {[%clk 1:13:59]} Bb7 {[%clk 1:18:55]} 9. Qc2
{[%clk 1:11:36]} c5 {[%clk 1:14:58]} 10. dxc5 {[%clk 1:08:27]} bxc5
{[%clk 1:09:46]} 11. O-O {[%clk 1:06:21]} O-O {[%clk 1:09:12]} 12. Rfd1
{[%clk 1:04:47]} Qb6 {[%clk 1:08:27]} 13. Nd2 {[%clk 0:59:15]} Rfe8
{[%clk 1:01:27]} 14. Bg3 {[%clk 0:55:57]} Rad8 {[%clk 0:59:23]} 15. Bf3
{[%clk 0:52:16]} Bxf3 {[%clk 0:54:47]} 16. Nxf3 {[%clk 0:52:29]} Nh5
{[%clk 0:54:51]} 17. Rd2 {[%clk 0:50:35]} Nxg3 {[%clk 0:53:47]} 18. hxg3
{[%clk 0:50:58]} Nf6 {[%clk 0:53:34]} 19. Rad1 {[%clk 0:49:09]} Qc6
{[%clk 0:50:23]} 20. b3 {[%clk 0:47:53]} a6 {[%clk 0:48:18]} 21. Rd3
{[%clk 0:46:15]} Rd7 {[%clk 0:47:09]} 22. Na4 {[%clk 0:45:28]} Red8
{[%clk 0:47:06]} 23. Nc3 {[%clk 0:44:51]} Qb7 {[%clk 0:46:17]} 24. Na4
{[%clk 0:43:22]} Ne4 {[%clk 0:44:59]} 25. Nd2 {[%clk 0:42:43]} Nf6
{[%clk 0:44:31]} 26. Nf3 {[%clk 0:42:59]} Qc7 {[%clk 0:43:10]} 27. Rc1
{[%clk 0:41:31]} 1/2-1/2

[Event "13e open internationnal de Sautron"]
[Site "Sautron"]
[Date "2013.10.29"]
[Round "5.3"]
[White "Burmakin, Vladimir"]
[Black "Duboue, Peio"]
[Result "0-1"]
[LiveChessVersion "1.4.2"]
[BlackElo "2239"]
[WhiteElo "2581"]

1. Nf3 {[%clk 1:30:57]} Nf6 {[%clk 1:30:41]} 2. c4 {[%clk 1:31:23]} e6
{[%clk 1:30:51]} 3. g3 {[%clk 1:31:46]} b6 {[%clk 1:30:16]} 4. Bg2
{[%clk 1:32:04]} Bb7 {[%clk 1:30:42]} 5. d4 {[%clk 1:32:19]} c5 {[%clk 1:29:43]}
6. d5 {[%clk 1:31:23]} exd5 {[%clk 1:29:18]} 7. Nh4 {[%clk 1:31:38]} g6
{[%clk 1:26:08]} 8. Nc3 {[%clk 1:29:49]} Bg7 {[%clk 1:26:24]} 9. cxd5
{[%clk 1:29:32]} O-O {[%clk 1:25:02]} 10. O-O {[%clk 1:28:57]} d6
{[%clk 1:21:24]} 11. Bf4 {[%clk 1:27:48]} Ne8 {[%clk 1:20:34]} 12. Qd2
{[%clk 1:27:51]} f5 {[%clk 1:18:09]} 13. e4 {[%clk 1:20:09]} fxe4
{[%clk 1:16:22]} 14. Nxe4 {[%clk 1:20:11]} Na6 {[%clk 1:14:23]} 15. Bg5
{[%clk 0:38:15]} Qd7 {[%clk 1:06:29]} 16. Bf4 {[%clk 0:29:50]} Nac7
{[%clk 1:03:47]} 17. Ng5 {[%clk 0:30:13]} h6 {[%clk 0:43:21]} 18. Ne6
{[%clk 0:30:37]} g5 {[%clk 0:43:36]} 19. Nxf8 {[%clk 0:26:14]} Bxf8
{[%clk 0:38:15]} 20. Bxg5 {[%clk 0:24:08]} hxg5 {[%clk 0:38:41]} 21. Qxg5+
{[%clk 0:24:31]} Qg7 {[%clk 0:39:05]} 22. Qd2 {[%clk 0:21:03]} Qf7
{[%clk 0:37:04]} 23. Rfe1 {[%clk 0:17:05]} Bxd5 {[%clk 0:35:40]} 24. Qg5+
{[%clk 0:16:00]} Ng7 {[%clk 0:36:01]} 25. Ng6 {[%clk 0:08:45]} Bxg2
{[%clk 0:33:39]} 26. Qh6 {[%clk 0:07:42]} Qf3 {[%clk 0:26:29]} 27. Re3
{[%clk 0:07:35]} Qh5 {[%clk 0:25:57]} 28. Qxh5 {[%clk 0:07:47]} Nxh5
{[%clk 0:26:22]} 29. Kxg2 {[%clk 0:07:55]} d5 {[%clk 0:22:13]} 30. g4
{[%clk 0:08:15]} d4 {[%clk 0:20:33]} 31. Rf3 {[%clk 0:08:06]} Ng7
{[%clk 0:20:45]} 32. h4 {[%clk 0:08:26]} Nge6 {[%clk 0:19:54]} 33. g5
{[%clk 0:07:06]} Bd6 {[%clk 0:20:12]} 34. Rf5 {[%clk 0:03:55]} d3
{[%clk 0:18:30]} 35. h5 {[%clk 0:02:06]} Nd4 {[%clk 0:18:52]} 36. Rf6
{[%clk 0:02:28]} Ne8 {[%clk 0:19:19]} 37. Rxd6 {[%clk 0:01:57]} Nxd6
{[%clk 0:19:45]} 38. Ne5 {[%clk 0:01:47]} c4 {[%clk 0:19:07]} 39. Rd1
{[%clk 0:02:08]} Ne6 {[%clk 0:18:19]} 40. g6 {[%clk 0:32:23]} Nf4+
{[%clk 0:47:50]} 41. Kf3 {[%clk 0:32:50]} Nxh5 {[%clk 0:47:11]} 42. b3
{[%clk 0:32:48]} b5 {[%clk 0:39:19]} 43. bxc4 {[%clk 0:33:07]} bxc4
{[%clk 0:39:36]} 44. Ke3 {[%clk 0:33:36]} Re8 {[%clk 0:31:36]} 45. f4
{[%clk 0:33:27]} Rf8 {[%clk 0:31:22]} 46. Nxd3 {[%clk 0:33:27]} cxd3
{[%clk 0:31:44]} 47. Rxd3 {[%clk 0:33:55]} Nc4+ {[%clk 0:32:06]} 48. Kd4
{[%clk 0:34:19]} Nxf4 {[%clk 0:26:10]} 49. Rc3 {[%clk 0:34:33]} Ne2+
{[%clk 0:26:28]} 0-1

[Event "13e open internationnal de Sautron"]
[Site "Sautron"]
[Date "2013.10.29"]
[Round "5.4"]
[White "Kasparov, Sergey"]
[Black "Hutois, Mickael"]
[Result "1-0"]
[LiveChessVersion "1.4.2"]
[BlackElo "2126"]
[WhiteElo "2480"]

1. e4 {[%clk 1:30:56]} e5 {[%clk 1:30:54]} 2. Nf3 {[%clk 1:30:37]} Nc6
{[%clk 1:31:18]} 3. Bb5 {[%clk 1:31:51]} a6 {[%clk 1:29:26]} 4. Bxc6
{[%clk 1:32:15]} dxc6 {[%clk 1:29:48]} 5. O-O {[%clk 1:32:42]} Bd6
{[%clk 1:26:33]} 6. d4 {[%clk 1:29:49]} exd4 {[%clk 1:24:37]} 7. Qxd4
{[%clk 1:27:16]} f6 {[%clk 1:24:37]} 8. Be3 {[%clk 1:26:57]} Ne7 {[%clk 1:18:27]}
9. Nbd2 {[%clk 1:26:39]} Be6 {[%clk 1:17:00]} 10. Qc3 {[%clk 1:26:41]} Ng6
{[%clk 1:08:38]} 11. Nc4 {[%clk 1:19:22]} O-O {[%clk 1:04:46]} 12. Nd4
{[%clk 1:14:21]} Bf7 {[%clk 1:03:00]} 13. Nf5 {[%clk 1:14:38]} Ne5
{[%clk 0:58:19]} 14. Ncxd6 {[%clk 1:06:51]} cxd6 {[%clk 0:58:02]} 15. Rad1
{[%clk 1:05:50]} Nc4 {[%clk 0:52:45]} 16. Bf4 {[%clk 1:04:12]} d5
{[%clk 0:47:12]} 17. b3 {[%clk 1:03:32]} Nb6 {[%clk 0:46:52]} 18. Qg3
{[%clk 1:02:33]} 1-0

[Event "13e open internationnal de Sautron"]
[Site "Sautron"]
[Date "2013.10.29"]
[Round "5.5"]
[White "Haub, Thorsten Michael"]
[Black "Ginovart, Axel"]
[Result "0-1"]
[LiveChessVersion "1.4.2"]
[BlackElo "1881"]
[WhiteElo "2455"]

1. g3 {[%clk 1:30:59]} e5 {[%clk 1:30:37]} 2. Bg2 {[%clk 1:31:23]} d5
{[%clk 1:30:56]} 3. d3 {[%clk 1:31:47]} Nc6 {[%clk 1:31:11]} 4. a3
{[%clk 1:32:00]} Be6 {[%clk 1:30:40]} 5. Nc3 {[%clk 1:31:53]} Qd7
{[%clk 1:29:37]} 6. b4 {[%clk 1:31:57]} f6 {[%clk 1:10:06]} 7. Bb2
{[%clk 1:24:34]} Nge7 {[%clk 1:06:56]} 8. Qd2 {[%clk 1:22:38]} g5
{[%clk 0:54:50]} 9. b5 {[%clk 1:13:49]} Nd8 {[%clk 0:53:00]} 10. d4
{[%clk 1:13:17]} Nf7 {[%clk 0:47:28]} 11. e4 {[%clk 1:10:12]} O-O-O
{[%clk 0:46:14]} 12. a4 {[%clk 1:05:10]} dxe4 {[%clk 0:26:36]} 13. Nxe4
{[%clk 1:04:58]} Nd5 {[%clk 0:26:50]} 14. O-O-O {[%clk 0:54:06]} g4
{[%clk 0:18:54]} 15. Qa5 {[%clk 0:46:11]} Kb8 {[%clk 0:18:59]} 16. Nc5
{[%clk 0:45:38]} Qe8 {[%clk 0:14:14]} 17. c4 {[%clk 0:37:22]} Nb6
{[%clk 0:13:51]} 18. Nxb7 {[%clk 0:36:49]} Bf5 {[%clk 0:11:31]} 19. Nxd8
{[%clk 0:28:55]} Bh6+ {[%clk 0:11:41]} 20. Rd2 {[%clk 0:29:18]} Nxc4
{[%clk 0:09:44]} 21. Qa6 {[%clk 0:29:00]} Bxd2+ {[%clk 0:09:58]} 22. Kd1
{[%clk 0:29:22]} Nxd8 {[%clk 0:09:39]} 23. b6 {[%clk 0:27:57]} Qxa4+
{[%clk 0:09:52]} 24. Qxa4 {[%clk 0:28:03]} Nxb2+ {[%clk 0:10:17]} 25. Kxd2
{[%clk 0:28:12]} Nxa4 {[%clk 0:10:42]} 26. bxa7+ {[%clk 0:28:34]} Kxa7
{[%clk 0:10:51]} 27. Ne2 {[%clk 0:28:58]} Nb6 {[%clk 0:10:59]} 28. Ra1+
{[%clk 0:29:07]} Kb8 {[%clk 0:11:20]} 29. Nc3 {[%clk 0:29:12]} Bd7
{[%clk 0:09:36]} 30. d5 {[%clk 0:29:24]} Nb7 {[%clk 0:07:10]} 31. Na2
{[%clk 0:29:47]} Nd6 {[%clk 0:07:11]} 32. Nb4 {[%clk 0:30:04]} Bb5
{[%clk 0:07:28]} 33. f3 {[%clk 0:29:30]} h5 {[%clk 0:07:08]} 34. Kc3
{[%clk 0:29:45]} Kc8 {[%clk 0:05:00]} 35. h3 {[%clk 0:29:52]} Kd7
{[%clk 0:03:40]} 36. Rh1 {[%clk 0:29:54]} gxf3 {[%clk 0:03:12]} 37. Bxf3
{[%clk 0:30:18]} e4 {[%clk 0:02:43]} 38. Bd1 {[%clk 0:30:28]} f5 {[%clk 0:02:57]}
39. Kd4 {[%clk 0:30:25]} Nbc4 {[%clk 0:01:56]} 40. Be2 {[%clk 0:59:48]} Nb6
{[%clk 0:31:02]} 41. Bd1 {[%clk 0:59:30]} h4 {[%clk 0:29:35]} 42. g4
{[%clk 0:59:36]} f4 {[%clk 0:29:57]} 43. g5 {[%clk 0:59:49]} f3 {[%clk 0:28:44]}
44. Nc2 {[%clk 1:00:11]} Nf5+ {[%clk 0:25:14]} 45. Ke5 {[%clk 0:59:50]} Ng3
{[%clk 0:25:27]} 46. Rh2 {[%clk 1:00:12]} Rf8 {[%clk 0:23:27]} 47. g6
{[%clk 1:00:14]} f2 {[%clk 0:22:34]} 48. Bg4+ {[%clk 1:00:10]} Ke7
{[%clk 0:21:02]} 49. Ne3 {[%clk 1:00:15]} Nc4+ {[%clk 0:20:50]} 50. Kd4 0-1

[Event "13e open internationnal de Sautron"]
[Site "Sautron"]
[Date "2013.10.29"]
[Round "5.6"]
[White "Malassagne, Raphael"]
[Black "Drasko, Milan"]
[Result "0-1"]
[LiveChessVersion "1.4.2"]
[BlackElo "2451"]
[WhiteElo "2137"]

1. d4 {[%clk 1:30:57]} e6 {[%clk 1:30:45]} 2. Nf3 {[%clk 1:31:21]} Nf6
{[%clk 1:31:04]} 3. Bf4 {[%clk 1:31:46]} b6 {[%clk 1:30:36]} 4. e3
{[%clk 1:32:11]} Bb7 {[%clk 1:30:58]} 5. Nbd2 {[%clk 1:32:36]} d6
{[%clk 1:31:07]} 6. Bd3 {[%clk 1:32:32]} Nbd7 {[%clk 1:30:01]} 7. e4
{[%clk 1:30:33]} h6 {[%clk 1:27:16]} 8. Qe2 {[%clk 1:22:28]} g5 {[%clk 1:20:26]}
9. Bg3 {[%clk 1:22:19]} Nh5 {[%clk 1:15:56]} 10. e5 {[%clk 1:20:46]} g4
{[%clk 1:08:57]} 11. exd6 {[%clk 1:21:03]} Bxd6 {[%clk 1:05:29]} 12. Nh4
{[%clk 1:15:02]} Nf4 {[%clk 0:52:34]} 13. Bxf4 {[%clk 1:06:49]} Bxf4
{[%clk 0:52:51]} 14. Be4 {[%clk 0:52:05]} Bxd2+ {[%clk 0:52:02]} 15. Kxd2
{[%clk 0:52:34]} Qg5+ {[%clk 0:52:17]} 16. Ke1 {[%clk 0:49:12]} O-O-O
{[%clk 0:52:30]} 17. g3 {[%clk 0:47:54]} Nf6 {[%clk 0:51:19]} 18. Bxb7+
{[%clk 0:48:10]} Kxb7 {[%clk 0:51:43]} 19. c3 {[%clk 0:45:15]} c5
{[%clk 0:43:58]} 20. dxc5 {[%clk 0:40:04]} Qxc5 {[%clk 0:44:21]} 21. Rd1
{[%clk 0:38:16]} Rd5 {[%clk 0:40:30]} 22. Rxd5 {[%clk 0:37:34]} Qxd5
{[%clk 0:40:36]} 23. f3 {[%clk 0:37:58]} gxf3 {[%clk 0:29:21]} 24. Nxf3
{[%clk 0:35:47]} Qxa2 {[%clk 0:26:27]} 25. Rf1 {[%clk 0:35:46]} Qb1+
{[%clk 0:21:39]} 26. Kf2 {[%clk 0:35:50]} Qe4 {[%clk 0:21:37]} 27. Qxe4+
{[%clk 0:34:12]} Nxe4+ {[%clk 0:21:54]} 28. Ke3 {[%clk 0:34:34]} Nf6
{[%clk 0:18:13]} 29. Nd4 {[%clk 0:31:37]} Ng4+ {[%clk 0:17:53]} 30. Kf4
{[%clk 0:30:57]} Rg8 {[%clk 0:16:43]} 31. Nf3 {[%clk 0:28:47]} h5
{[%clk 0:11:04]} 32. Rd1 {[%clk 0:24:04]} Kc7 {[%clk 0:10:44]} 33. Ne5
{[%clk 0:22:38]} f6 {[%clk 0:10:05]} 34. Nf3 {[%clk 0:19:19]} Kb7 35. Rf1 0-1

[Event "13e open internationnal de Sautron"]
[Site "Sautron"]
[Date "2013.10.29"]
[Round "5.7"]
[White "Navrotescu, Andreea-Cristiana"]
[Black "Riff, Jean-Noel"]
[Result "0-1"]
[LiveChessVersion "1.4.2"]
[BlackElo "2445"]
[WhiteElo "2151"]

1. d4 {[%clk 1:30:57]} Nf6 {[%clk 1:30:48]} 2. Nf3 {[%clk 1:30:50]} e6
{[%clk 1:31:12]} 3. e3 {[%clk 1:31:00]} c5 {[%clk 1:31:36]} 4. Bd3
{[%clk 1:31:09]} d5 {[%clk 1:31:45]} 5. O-O {[%clk 1:31:10]} Nc6 {[%clk 1:31:59]}
6. b3 {[%clk 1:31:20]} Bd6 {[%clk 1:32:22]} 7. Bb2 {[%clk 1:31:44]} O-O
{[%clk 1:32:39]} 8. Nbd2 {[%clk 1:29:07]} Qe7 {[%clk 1:32:48]} 9. Ne5
{[%clk 1:29:24]} Qc7 {[%clk 1:33:10]} 10. Nxc6 {[%clk 1:26:12]} bxc6
{[%clk 1:32:46]} 11. dxc5 {[%clk 1:19:48]} Bxh2+ {[%clk 1:32:25]} 12. Kh1
{[%clk 1:20:16]} Be5 {[%clk 1:32:47]} 13. Bd4 {[%clk 1:18:34]} Bxd4
{[%clk 1:31:26]} 14. exd4 {[%clk 1:19:01]} e5 {[%clk 1:31:49]} 15. dxe5
{[%clk 1:16:42]} Qxe5 {[%clk 1:31:35]} 16. b4 {[%clk 1:12:08]} a5
{[%clk 1:16:51]} 17. a3 {[%clk 0:55:33]} axb4 {[%clk 1:16:49]} 18. axb4
{[%clk 0:56:01]} Ng4 {[%clk 1:17:16]} 0-1